Find the European Countries Ending in 'Y' Quiz Stats

 Plays Quiz Updated Jun 12, 2018

Score 0/6 Timer 01:30
85 Plays Today
% Correct
Italy
93.8%
Germany
86.6%
Turkey
84.4%
Norway
83.5%
Hungary
72.6%
Vatican City
46.7%

You're not logged in!

Compare scores with friends on all Sporcle quizzes.
Join for Free
OR
Log In

You Might Also Like...

Show Comments

Extras

Top Quizzes Today


Score Distribution

Your Account Isn't Verified!

In order to create a playlist on Sporcle, you need to verify the email address you used during registration. Go to your Sporcle Settings to finish the process.

Report this User

Report this user for behavior that violates our Community Guidelines.

Details: